000 00767nam a22002297a 4500
999 _c266
_d266
003 AR-CdUCM
008 190222b ||||| |||| 00| 0 spa d
020 _a8470760254
040 _aMUNICIPALIDAD PROVINCIAL DEL CUSCO
_cBIBLIOTECA MUNICIPAL DEL CUSCO
082 _a858.8 /
_bSA164
100 _aSalgari, Emilio
_9800
245 _aLa caída de un imperio /
260 _aMadrid :
_bGahe,
_c1975.
300 _a191 paginas ;
_b8 Ilustraciones.
_c20 cm.
505 _aContenido: La traición de los Rajaputras -- Las hazañas de Sahur -- Dos malvados -- El desastre -- El asalto de los tigres...
650 _aBandidos
_91133
650 _aAlteza
_91134
650 _aGuerreros
_91135
650 _aReynado
_91136
942 _2ddc
_cLIBROS
945 _awnts
_d2019-02-22